বাংলাদেশ গণিত অলিম্পিয়াডের যত প্রশ্ন / (Record no. 10871)
[ view plain ]
| 000 -LEADER | |
|---|---|
| fixed length control field | 00775nam a2200241 a 4500 |
| 001 - CONTROL NUMBER | |
| JCCL Control Number | 10871 |
| 003 - CONTROL NUMBER IDENTIFIER | |
| JCCL marc code | BD-JhCC |
| 005 - DATE AND TIME OF LATEST TRANSACTION | |
| control field | 20211007134021.0 |
| 008 - FIXED-LENGTH DATA ELEMENTS--GENERAL INFORMATION | |
| fixed length control field | 190522b20182012bd ||||| a||| 00| 0 en d |
| 020 ## - INTERNATIONAL STANDARD BOOK NUMBER | |
| International Standard Book Number | 9847009601890 |
| 035 ## - SYSTEM CONTROL NUMBER | |
| system control number | (BD-JhCC)10871 |
| 040 ## - CATALOGING SOURCE | |
| Original cataloging agency | BD-JhCC |
| Modifying agency | BD-JhCC |
| 041 ## - LANGUAGE CODE | |
| Language code of Book | ben |
| 082 ## - DEWEY DECIMAL CLASSIFICATION NUMBER | |
| Author mark and Year | BAN 2018 |
| Classification number | 510.76 |
| 245 ## - TITLE STATEMENT | |
| Title | বাংলাদেশ গণিত অলিম্পিয়াডের যত প্রশ্ন / |
| Statement of responsibility, etc | সম্পাদনায় মুনির হাসান |
| 260 ## - PUBLICATION, DISTRIBUTION, ETC. (IMPRINT) | |
| Place of publication, distribution, etc | ঢাকা, |
| Name of publisher, distributor, etc | তাম্রলিপি; |
| Date of publication, distribution, etc | 2018. |
| 300 ## - PHYSICAL DESCRIPTION | |
| Pagination | 328 p. : |
| Dimensions | 21 cm. |
| 650 ## - SUBJECT ADDED ENTRY--TOPICAL TERM | |
| Topical term or geographic name as entry element | Mathematics |
| 650 ## - SUBJECT ADDED ENTRY--TOPICAL TERM | |
| Topical term or geographic name as entry element | Mathematics Olympiad |
| 700 ## - ADDED ENTRY--PERSONAL NAME | |
| Personal name | হাসান, মুনির |
| 942 ## - ADDED ENTRY ELEMENTS (KOHA) | |
| Source of classification or shelving scheme | Dewey Decimal Classification |
| Koha item type | Books |
| Koha issues (borrowed), all copies | 3 |
| Source of classification or shelving scheme | Damaged status | Not for loan | Home library | Current library | Shelving location | Date of accession | Cost, normal purchase price | Total Checkouts | Full call number | Barcode | Checked out | Date last seen | Date checked out | Copy number | Koha item type | Method of acquisition | Currency |
|---|---|---|---|---|---|---|---|---|---|---|---|---|---|---|---|---|---|
| Dewey Decimal Classification | JCC Rouf Library | JCC Rouf Library | General Stacks | 06/01/2019 | 500.00 | 6 | 510 HAS 2018 | 14848 | 12/14/2025 | 11/19/2025 | 11/19/2025 | C-1 | Books | ||||
| Dewey Decimal Classification | JCC Rouf Library | JCC Rouf Library | General Stacks | 06/12/2023 | 375.00 | 10 | BAN 2018 510.76 | 18044 | 02/18/2026 | 01/25/2026 | 01/25/2026 | C-2 | Books | Purchase | BDT |